000 00815nam a2200277Ia 4500
003 OSt
005 20220918222346.0
006 a|||||r|||| 00| 0
007 ta
008 220917b |||||||| |||| 00| 0 eng d
024 _a216,609
037 _cTextual
040 _aARTS
_cARTS
_beng
041 _2eng
_aeng
082 _aWxD35:g, P1
100 _aAugustine
_931107
245 0 _aPolitical writings
260 _aCambridge
_bCambridge University Press
_c2001
300 _axLix, 299p
_ccm.
490 _aCambridge texts in the history of political thought
650 _aPOLITICAL SCIENCE
700 _a Atkins E.M. Ed.
_9142913
700 _a Dodaro R.J. Ed.
_9142914
942 _hWxD35:g, P1
_cTEXL
_2CC
999 _c275292
_d275292